| 000 | 00739nam a2200217 i 4500 | ||
|---|---|---|---|
| 001 | bg | ||
| 100 | 1 | _aDROZDOWSKI, Maciej | |
| 245 | 1 | 0 |
_aSelected problems of scheduling tasks in multiprocessor computer systems / _cMaciej Drozdowski. |
| 260 |
_aPoznań : _bWydaw. PP, _c1997. |
||
| 300 |
_a174 s. : _brys., wykr. ; _c24 cm. |
||
| 490 | 1 |
_aRozprawy / Politechnika Poznańska, _x0551-6528 ; _vnr 321 |
|
| 504 | _aBibliogr. s. 157-172. - Indeks. - Streszcz. | ||
| 650 | 9 |
_aAlgorytmy _xstosowanie |
|
| 650 | 9 |
_aSystemy informatyczne _xzagadnienia |
|
| 830 | 0 |
_aRozprawy (Politechnika Poznańska) ; _vnr 321 |
|
| 040 | _cBPK | ||
| 041 | 0 |
_aen _bpl |
|
| 080 | _a681.324:519.688 | ||
| 942 | _cKS | ||
| 008 | s pl f |000 0 pol | ||
| 999 |
_c31647 _d31647 |
||
| 856 |
_uhttp://koha.tu.koszalin.pl/cgi-bin/koha/opac-detail.pl?biblionumber=31647 _yKatalog online BPK |
||